书目信息 |
| 题名: |
希腊罗马简史
|
|
| 作者: | 陈同燮 编著 | |
| 分册: | ||
| 出版信息: | 济南 山东教育出版社 1982 |
|
| 页数: | 256页 | |
| 开本: | 21cm | |
| 丛书名: | ||
| 单 册: | ||
| 中图分类: | K125 | |
| 科图分类: | ||
| 主题词: | 古代史-古希腊 , 古希腊-古代史 | |
| 电子资源: | ||
| ISBN: | ||
| 000 | 00616nam0 2200241 45 | |
| 001 | 0182007558 | |
| 005 | 20060810110930.20 | |
| 010 | @dCNY1.00 | |
| 091 | @aCN@b11275.4 | |
| 100 | @a19950525d1982 emky0chiy0121 ea | |
| 101 | 0 | @achi |
| 102 | @aCN@b370000 | |
| 105 | @ay z 000yy | |
| 200 | 10 | @a希腊罗马简史@Axi la luo ma jian shi@f陈同燮编著 |
| 210 | @a济南@c山东教育出版社@d1982 | |
| 215 | @a256页@d21cm | |
| 606 | @a古代史-古希腊 | |
| 606 | @a古希腊-古代史 | |
| 690 | @aK125@v3 | |
| 701 | 0 | @a陈同燮@Achen tong xie@4编著 |
| 801 | 2 | @aCN@bNLC@c20060810 |
| 801 | 0 | @aCN@bTSSF |
| 905 | @a10447@dK125@e136 | |
| 希腊罗马简史/陈同燮编著.-济南:山东教育出版社,1982 |
| 256页;21cm |
| ISBN :CNY1.00 |
| ● |
| 相关链接 |
|
|
|
|
正题名:希腊罗马简史
索取号:K125/136
 
预约/预借
| 序号 | 登录号 | 条形码 | 馆藏地/架位号 | 状态 | 备注 |
| 1 | 0453782 | 204537821 | 密集书库/ [索取号:K125/136] | 在馆 |